Départements ayant le plus d'arrondissements - Statistiques

Statistiques générales
  • Ce quiz a été pris 24 fois
  • Le résultat moyen est 6 sur 11
Statistiques - réponses
Arrondissements Département % Correct
6 Nord
90%
6 Gironde
81%
7 Pas-de-Calais
81%
6 Bas-Rhin
67%
5 Aisne
57%
5 Moselle
57%
5 Marne
52%
5 Puy-de-Dôme
43%
5 Seine-et-Marne
43%
5 Charente-Maritime
38%
5 Saône-et-Loire
33%
Aucun quiz correspondant
Distribution des résultats
% des personnes avec chaque résultat
Percentile par nombre de réponses
Votre historique - résultats
Vous n’avez pas pris ce quiz